[Event "Udaipur Lakecity blitz op 1st"]
[Site "Udaipur"]
[Date "2019.09.16"]
[Round "9"]
[White "Rozum, Ivan"]
[Black "Priyanka, Kumari"]
[Result "1-0"]
[WhiteElo "2544"]
[BlackElo "1944"]
[PlyCount "79"]
[EventDate "2019.09.16"]
[EventType "swiss (blitz)"]
[EventRounds "9"]
[EventCountry "IND"]
[SourceTitle "EXT 2020"]
[Source "ChessBase"]
[SourceDate "2019.10.17"]
[SourceVersion "1"]
[SourceVersionDate "2019.10.17"]
[SourceQuality "1"]

1. Nf3 d5 2. g3 c6 3. Bg2 Bg4 4. c4 e6 5. cxd5 exd5 6. 0-0 Nf6 7. h3 Bh5 8. d3 Be7 9. Qb3 Qc8 10. Nc3 0-0 11. e4 dxe4 12. dxe4 Bg6 13. Nh4 Nbd7 14. Nxg6 hxg6 15. Qc2 Qc7 16. Bf4 Bd6 17. Nb5 cxb5 18. Qxc7 Bxc7 19. Bxc7 Rac8 20. Rac1 Rfe8 21. Rfe1 Ne5 22. Bxe5 Rxc1 23. Rxc1 Rxe5 24. f4 Re7 25. e5 Ne8 26. Rc8 Kf8 27. Kf2 b6 28. Bc6 b4 29. Ke3 f6 30. Ke4 Kf7 31. Bxe8+ Rxe8 32. Rxe8 Kxe8 33. exf6 gxf6 34. Kd5 Kd7 35. g4 g5 36. fxg5 fxg5 37. Ke5 a5 38. Kf5 a4 39. Kxg5 b5 40. h4 1-0

[Event "IND-ch (Women) 45th"]
[Site "Jaipur"]
[Date "2018.11.21"]
[Round "6"]
[White "Nandhidhaa, PV."]
[Black "Priyanka, Kumari"]
[Result "1/2-1/2"]
[WhiteElo "2240"]
[BlackElo "2005"]
[PlyCount "74"]
[EventDate "2018.11.18"]
[EventType "swiss"]
[EventRounds "11"]
[EventCountry "IND"]
[SourceTitle "CBM 187 Extra"]
[Source "ChessBase"]
[SourceDate "2018.11.04"]
[SourceVersion "1"]
[SourceVersionDate "2018.11.04"]
[SourceQuality "1"]

1. Nf3 d5 2. g3 c6 3. Bg2 Bg4 4. d3 Nd7 5. h3 Bxf3 6. exf3 e6 7. 0-0 Ngf6 8. f4 h5 9. h4 Be7 10. Nd2 Ng4 11. Nf3 Qb6 12. Qe2 0-0 13. Bh3 Ndf6 14. b3 Rfe8 15. Bb2 c5 16. Ng5 d4 17. c3 Bd6 18. cxd4 cxd4 19. Bxg4 Nxg4 20. Qe4 Nf6 21. Qxd4 Qxd4 22. Bxd4 Nd5 23. Bb2 Rac8 24. Ne4 Be7 25. Rfc1 Nb4 26. Rxc8 Rxc8 27. d4 Nd3 28. Bc3 f5 29. Nc5 Nxc5 30. dxc5 Bxc5 31. Be5 Bb6 32. Rd1 Rd8 33. Rxd8+ Bxd8 34. Bd4 a6 35. Kf1 Kf7 36. Ke2 g6 37. Kd3 Ke7 1/2-1/2

[Event "IND-ch (Women) 45th"]
[Site "Jaipur"]
[Date "2018.11.21"]
[Round "5"]
[White "Priyanka, Kumari"]
[Black "Gomes, Mary Ann"]
[Result "0-1"]
[WhiteElo "2005"]
[BlackElo "2286"]
[PlyCount "58"]
[EventDate "2018.11.18"]
[EventType "swiss"]
[EventRounds "11"]
[EventCountry "IND"]
[SourceTitle "CBM 187 Extra"]
[Source "ChessBase"]
[SourceDate "2018.11.04"]
[SourceVersion "1"]
[SourceVersionDate "2018.11.04"]
[SourceQuality "1"]

1. e4 c5 2. Nf3 d6 3. d4 cxd4 4. Nxd4 Nf6 5. Nc3 a6 6. g3 e5 7. Nde2 Be7 8. Bg2 0-0 9. 0-0 Nc6 10. a4 Bg4 11. Be3 Rc8 12. h3 Be6 13. Qd2 Nb4 14. Rad1 Qa5 15. Bg5 Rfd8 16. Bxf6 Bxf6 17. b3 h6 18. Kh2 Rc5 19. Rc1 Na2 20. Nb1 Qxd2 21. Nxd2 Nxc1 22. Rxc1 Rdc8 23. c3 b5 24. axb5 axb5 25. Bf1 d5 26. exd5 Bxd5 27. Bg2 Bg5 28. f4 exf4 29. gxf4 Re8 0-1

[Event "IND-ch (Women) 45th"]
[Site "Jaipur"]
[Date "2018.11.19"]
[Round "2"]
[White "Priyanka, Kumari"]
[Black "Bommini, Mounika Akshaya"]
[Result "1/2-1/2"]
[WhiteElo "2005"]
[BlackElo "1859"]
[PlyCount "88"]
[EventDate "2018.11.18"]
[EventType "swiss"]
[EventRounds "11"]
[EventCountry "IND"]
[SourceTitle "CBM 187 Extra"]
[Source "ChessBase"]
[SourceDate "2018.11.04"]
[SourceVersion "1"]
[SourceVersionDate "2018.11.04"]
[SourceQuality "1"]

1. e4 e6 2. d4 d5 3. Nc3 Nf6 4. Bg5 Be7 5. e5 Nfd7 6. Bxe7 Qxe7 7. f4 0-0 8. Nf3 c5 9. dxc5 Nc6 10. Qd2 Nxc5 11. Bd3 f6 12. exf6 Qxf6 13. g3 a6 14. 0-0 Bd7 15. Rae1 Be8 16. Ne5 Rc8 17. Nd1 Qd8 18. c3 Nxe5 19. fxe5 Rxf1+ 20. Bxf1 Ne4 21. Qe3 Qc7 22. Nf2 Bg6 23. Nd3 Rf8 24. Be2 Bf5 25. Rf1 Bg6 26. Rxf8+ Kxf8 27. Qd4 Bf5 28. Nf4 g5 29. Nd3 Kg7 30. Kg2 Kg8 31. Bf3 Nd2 32. Nc5 Nxf3 33. Kxf3 Qf7 34. Ke3 Qh5 35. h4 Qh6 36. hxg5 Qh2 37. Kf3 Qh1+ 38. Kf2 Qh2+ 39. Kf3 Qh1+ 40. Ke2 Qh5+ 41. Kf2 Qh2+ 42. Kf3 Qh1+ 43. Ke2 Qh5+ 44. Ke3 Qh2 1/2-1/2

[Event "IND-ch (Women) 45th"]
[Site "Jaipur"]
[Date "2018.11.18"]
[Round "1"]
[White "Advaita Sharma, K."]
[Black "Priyanka, Kumari"]
[Result "0-1"]
[WhiteElo "1471"]
[BlackElo "2005"]
[PlyCount "74"]
[EventDate "2018.11.18"]
[EventType "swiss"]
[EventRounds "11"]
[EventCountry "IND"]
[SourceTitle "CBM 187 Extra"]
[Source "ChessBase"]
[SourceDate "2018.11.04"]
[SourceVersion "1"]
[SourceVersionDate "2018.11.04"]
[SourceQuality "1"]

1. e4 c5 2. Nf3 d6 3. d4 cxd4 4. Nxd4 Nf6 5. Nc3 a6 6. h3 e5 7. Nde2 h5 8. Be3 Be6 9. g3 Nbd7 10. Bg2 b5 11. a3 Be7 12. f4 Nb6 13. fxe5 dxe5 14. Qxd8+ Bxd8 15. 0-0-0 Nc4 16. Bf2 Rc8 17. Rd3 Nd7 18. Rhd1 Bg5+ 19. Kb1 Nc5 20. Bxc5 Rxc5 21. Nd5 0-0 22. h4 Bg4 23. Bf1 Bh6 24. c3 Rxd5 25. exd5 Ne3 26. Rxe3 Bxe3 27. Ka1 Rd8 28. Rd3 Bc5 29. Rd2 Bf3 30. b4 Be7 31. c4 bxc4 32. Nc3 e4 33. Bxc4 Rc8 34. Bxa6 Rxc3 35. Ka2 e3 36. Rb2 Bxd5+ 37. Kb1 Rxa3 0-1

[Event "Wch U20 Girls 34th"]
[Site "Bhubaneswar"]
[Date "2016.08.18"]
[Round "10"]
[White "Harshita, Guddanti"]
[Black "Priyanka, Kumari"]
[Result "1/2-1/2"]
[WhiteElo "2180"]
[BlackElo "2048"]
[PlyCount "114"]
[EventDate "2016.08.08"]
[EventType "swiss"]
[EventRounds "13"]
[EventCountry "IND"]
[SourceTitle "CBM 173 Extra"]
[Source "ChessBase"]
[SourceDate "2016.08.29"]
[SourceVersion "1"]
[SourceVersionDate "2016.08.29"]
[SourceQuality "1"]

1. e4 c5 2. Nf3 d6 3. d4 cxd4 4. Nxd4 Nf6 5. Nc3 a6 6. Be2 e5 7. Nb3 Be7 8. Be3 Be6 9. Qd3 Nbd7 10. Nd5 Bxd5 11. exd5 Qc7 12. c4 Rc8 13. 0-0 0-0 14. Rac1 Ne8 15. Bg4 Nef6 16. Bh3 Rcd8 17. Nd2 Nc5 18. Qa3 a5 19. Bxc5 dxc5 20. Rfe1 Bd6 21. g3 h6 22. Qd3 g6 23. Nb1 Nh7 24. Nc3 Rfe8 25. Bg2 f5 26. Nb5 Qb6 27. Qd2 Ng5 28. Nxd6 Qxd6 29. Qxa5 e4 30. Qd2 Nf7 31. Bf1 g5 32. b4 Ne5 33. Be2 b6 34. bxc5 bxc5 35. Kh1 Ra8 36. Rb1 Ra3 37. Rb2 Nd7 38. Bf1 f4 39. gxf4 gxf4 40. Rb3 Rxb3 41. axb3 Qe5 42. Bh3 Nf6 43. d6 Rd8 44. d7 Kf7 45. Qa5 Ke7 46. b4 Nxd7 47. Bxd7 Rxd7 48. Qa8 e3 49. fxe3 fxe3 50. Qf3 Kd8 51. bxc5 Rd2 52. Qa8+ Ke7 53. Qb7+ Ke8 54. Qa8+ Ke7 55. Qb7+ Ke8 56. Qa8+ Ke7 57. Qb7+ Ke8 1/2-1/2

[Event "Wch U20 Girls 34th"]
[Site "Bhubaneswar"]
[Date "2016.08.10"]
[Round "3"]
[White "Priyanka, Kumari"]
[Black "Uuriintuya, Uurtsaikh"]
[Result "1-0"]
[WhiteElo "2048"]
[BlackElo "2199"]
[PlyCount "116"]
[EventDate "2016.08.08"]
[EventType "swiss"]
[EventRounds "13"]
[EventCountry "IND"]
[SourceTitle "CBM 173 Extra"]
[Source "ChessBase"]
[SourceDate "2016.08.29"]
[SourceVersion "1"]
[SourceVersionDate "2016.08.29"]
[SourceQuality "1"]

1. e4 c5 2. Nf3 Nc6 3. d4 cxd4 4. Nxd4 g6 5. Nc3 Bg7 6. Be3 Nf6 7. Bc4 Qa5 8. 0-0 0-0 9. Bb3 d6 10. h3 Bd7 11. Re1 Rac8 12. Qe2 Nh5 13. Rad1 Nf4 14. Qf3 Ne6 15. Nxe6 Bxe6 16. Bd2 Bxb3 17. axb3 b5 18. Ra1 Qb6 19. Nd5 Qb7 20. Bc3 a5 21. Qe3 e6 22. Nf4 Bh6 23. Qg3 Qe7 24. Bd2 Qg5 25. Qxg5 Bxg5 26. Rad1 Bf6 27. Bc3 Be7 28. Bd2 Nd4 29. Bxa5 Nxc2 30. Re2 Bg5 31. g3 e5 32. h4 Bxf4 33. gxf4 Nd4 34. Re3 exf4 35. Red3 Nc6 36. Bc3 Ne5 37. Rxd6 Rfe8 38. Kg2 Ng4 39. Kf3 h5 40. R1d5 Rb8 41. b4 Ra8 42. Rxb5 Ra1 43. Kg2 f3+ 44. Kxf3 Rh1 45. Rbd5 Rf1 46. Rd2 Re1 47. Rd8 R1xe4 48. Kg3 Nh6 49. f3 Nf5+ 50. Kf2 R4e6 51. b5 Kf8 52. Bb4+ Kg7 53. Rxe8 Rxe8 54. b6 Rb8 55. Bc5 Kf6 56. Rd7 Ke6 57. Rc7 Nd6 58. Rc6 Kd5 1-0

[Event "IND-ch Challengers (Women) 43rd"]
[Site "Chennai"]
[Date "2016.06.20"]
[Round "6"]
[White "Priyanka, Kumari"]
[Black "Makhija, Aashna"]
[Result "1/2-1/2"]
[WhiteElo "1973"]
[BlackElo "1764"]
[PlyCount "82"]
[EventDate "2016.06.17"]
[EventType "swiss"]
[EventRounds "11"]
[EventCountry "IND"]
[SourceTitle "CBM 173 Extra"]
[Source "ChessBase"]
[SourceDate "2016.08.29"]
[SourceVersion "1"]
[SourceVersionDate "2016.08.29"]
[SourceQuality "1"]

1. e4 e6 2. d4 d5 3. e5 c5 4. c3 Nc6 5. Nf3 Qb6 6. a3 Nh6 7. b4 cxd4 8. cxd4 Nf5 9. Be3 Bd7 10. Bd3 Nxe3 11. fxe3 Be7 12. 0-0 Rc8 13. Nbd2 0-0 14. Nb3 Rc7 15. Nc5 Nb8 16. Nd2 Bb5 17. Bxb5 Qxb5 18. a4 Qe8 19. Qg4 Bxc5 20. bxc5 Nd7 21. Rf3 f5 22. exf6 Nxf6 23. Qg3 Rcf7 24. h4 Nh5 25. Qd6 Qe7 26. Rxf7 Qxd6 27. Rxg7+ Nxg7 28. cxd6 Nf5 29. Rc1 Nxd6 30. g4 Rf7 31. Kg2 h5 32. gxh5 Nf5 33. Rc3 Nxh4+ 34. Kg3 Nf5+ 35. Kg4 Kh7 36. Nf3 Kh6 37. Ne5 Rg7+ 38. Kf3 Ng3 39. Ng4+ Kxh5 40. Kxg3 Rxg4+ 41. Kf3 Rg7 1/2-1/2

[Event "Asia-ch U20 Girls"]
[Site "New Delhi"]
[Date "2016.05.07"]
[Round "5"]
[White "Priyanka, Kumari"]
[Black "Uuriintuya, Uurtsaikh"]
[Result "1/2-1/2"]
[WhiteElo "1966"]
[BlackElo "2172"]
[PlyCount "146"]
[EventDate "2016.05.04"]
[EventType "swiss"]
[EventRounds "9"]
[EventCountry "IND"]
[SourceTitle "CBM 172 Extra"]
[Source "ChessBase"]
[SourceDate "2016.06.21"]
[SourceVersion "1"]
[SourceVersionDate "2016.06.21"]
[SourceQuality "1"]

1. e4 c5 2. Nf3 Nc6 3. d4 cxd4 4. Nxd4 g6 5. Nc3 Bg7 6. Be3 Nf6 7. Bc4 Qa5 8. 0-0 0-0 9. Bb3 d6 10. h3 Bd7 11. Re1 Rac8 12. Qe2 a6 13. Rad1 b5 14. Nxc6 Bxc6 15. Nd5 Bxd5 16. exd5 Rfe8 17. Bd4 Qc7 18. Rd3 Qb7 19. Re3 Kf8 20. Qf3 Qd7 21. Bc3 Ra8 22. Ra1 Nh5 23. a4 Bxc3 24. Rxc3 Ng7 25. Qf4 Nh5 26. Qd4 Nf6 27. Rc6 h5 28. axb5 axb5 29. Rca6 Rac8 30. Ra7 Qf5 31. Rb7 Ra8 32. Re1 Rab8 33. Ra7 g5 34. Qe3 Nd7 35. Qe4 Qxe4 36. Rxe4 Ne5 37. Rb4 Rb6 38. Kf1 Rc8 39. Ke2 Ng6 40. Ra5 Rcb8 41. g3 Kg7 42. c3 Kf6 43. Ke3 h4 44. Bc2 hxg3 45. fxg3 Ne5 46. b3 e6 47. Be4 Nd7 48. dxe6 fxe6 49. Bd3 Rc8 50. Kd2 Ne5 51. Raxb5 Ra6 52. Bb1 d5 53. Rb8 Rac6 54. Rxc8 Rxc8 55. h4 gxh4 56. gxh4 Rg8 57. Rf4+ Ke7 58. h5 Rg2+ 59. Kc1 Ng4 60. Bg6 Ne5 61. Bc2 Rh2 62. Bg6 Rh3 63. Kc2 Rg3 64. b4 Nxg6 65. hxg6 Rxg6 66. b5 e5 67. Rb4 Kd6 68. b6 Rg8 69. b7 Rb8 70. Kd3 Kc6 71. c4 d4 72. Rb5 Rxb7 73. Rxe5 Rd7 1/2-1/2

[Event "IND-ch U25 Girls 5th"]
[Site "Bhubaneswar"]
[Date "2015.12.13"]
[Round "6"]
[White "Priyanka, Kumari"]
[Black "Tarini, Goyal"]
[Result "1/2-1/2"]
[WhiteElo "1970"]
[BlackElo "1826"]
[PlyCount "96"]
[EventDate "2015.12.10"]
[EventType "swiss"]
[EventRounds "8"]
[EventCountry "IND"]
[SourceTitle "CBM 169 Extra"]
[Source "ChessBase"]
[SourceDate "2015.12.18"]
[SourceVersion "1"]
[SourceVersionDate "2015.12.18"]
[SourceQuality "1"]

1. e4 c5 2. Nf3 e6 3. d4 cxd4 4. Nxd4 a6 5. Bd3 g6 6. Be3 Bg7 7. 0-0 Ne7 8. c4 0-0 9. Nc3 d5 10. f4 Nbc6 11. e5 Nb4 12. c5 Bd7 13. a3 Nbc6 14. Nce2 Nxd4 15. Nxd4 Nc6 16. b4 f6 17. Nxc6 Bxc6 18. Bd4 fxe5 19. fxe5 Qh4 20. Bb2 Qg5 21. Qe2 Rxf1+ 22. Rxf1 Rf8 23. Re1 Qf4 24. Qe3 Qxe3+ 25. Rxe3 Bh6 26. Re1 Bd2 27. Re2 Bg5 28. Bd4 Bb5 29. Bxb5 axb5 30. Bb2 Ra8 31. Kf1 Kf7 32. Rf2+ Ke7 33. Ke2 Bh6 34. Kd3 Bg7 35. Kd4 h6 36. Bc1 Rf8 37. Rxf8 Bxf8 38. Be3 Kd7 39. h4 Bg7 40. g4 Kc6 41. h5 g5 42. Bc1 Bf8 43. Bb2 Bg7 44. Kd3 Bf8 45. Bd4 Be7 46. Kc3 Bf8 47. Kb3 Be7 48. a4 Bf8 1/2-1/2

[Event "IND-ch (Women) 42nd"]
[Site "Kolkata"]
[Date "2015.11.24"]
[Round "11"]
[White "Padmini, Rout"]
[Black "Priyanka, Kumari"]
[Result "0-1"]
[WhiteElo "2437"]
[BlackElo "2011"]
[PlyCount "120"]
[EventDate "2015.11.13"]
[EventType "tourn"]
[EventRounds "11"]
[EventCountry "IND"]
[SourceTitle "CBM 169 Extra"]
[Source "ChessBase"]
[SourceDate "2015.12.18"]
[SourceVersion "1"]
[SourceVersionDate "2015.12.18"]
[SourceQuality "1"]

1. d4 Nf6 2. Nf3 g6 3. Bg5 Bg7 4. Nbd2 d5 5. e3 0-0 6. Bd3 Nbd7 7. 0-0 c5 8. c3 Qc7 9. Bf4 Qb6 10. Qc2 Nh5 11. Bg5 e5 12. dxe5 Nxe5 13. Nxe5 Bxe5 14. Rad1 Be6 15. f4 Bg7 16. f5 Bd7 17. c4 d4 18. e4 f6 19. Bh4 g5 20. Bf2 Nf4 21. b3 Rfe8 22. Bg3 Nh5 23. Be1 Bf8 24. g3 Re7 25. Nf3 Bc6 26. Qe2 Ng7 27. Nxg5 fxg5 28. f6 Re5 29. fxg7 Bxg7 30. Bd2 h6 31. Rf5 Rae8 32. Rdf1 Rxf5 33. Rxf5 Bd7 34. Qh5 Rf8 35. Rxf8+ Kxf8 36. h4 gxh4 37. Qxh4 Qd6 38. Qd8+ Kf7 39. Bf4 Qe7 40. Qb8 Bc6 41. Bd6 Qg5 42. Qc7+ Ke6 43. Bf4 Qe7 44. Qc8+ Qd7 45. Qg8+ Qf7 46. Qc8+ Qd7 47. Qb8 a6 48. e5 Kf7 49. Bh7 Bf8 50. Bd3 Qh3 51. Qc7+ Be7 52. Kf2 Qg2+ 53. Ke1 Qg1+ 54. Kd2 Qf2+ 55. Be2 d3 56. e6+ Kg6 57. Kxd3 Qd4+ 58. Kc2 Be4+ 59. Kc1 Qc3+ 60. Kd1 Bc2+ 0-1

[Event "IND-ch (Women) 42nd"]
[Site "Kolkata"]
[Date "2015.11.17"]
[Round "5"]
[White "Priyanka, Kumari"]
[Black "Priyanka, Nutakki"]
[Result "0-1"]
[WhiteElo "2011"]
[BlackElo "1994"]
[PlyCount "140"]
[EventDate "2015.11.13"]
[EventType "tourn"]
[EventRounds "11"]
[EventCountry "IND"]
[SourceTitle "CBM 169 Extra"]
[Source "ChessBase"]
[SourceDate "2015.12.18"]
[SourceVersion "1"]
[SourceVersionDate "2015.12.18"]
[SourceQuality "1"]

1. e4 e6 2. d4 d5 3. Nc3 Bb4 4. e5 c5 5. Bd2 Ne7 6. a3 Bxc3 7. Bxc3 b6 8. b4 Qc7 9. Nf3 cxb4 10. Bxb4 a5 11. Bd2 Ba6 12. Bd3 0-0 13. 0-0 Nd7 14. Qe2 Bxd3 15. cxd3 Rfc8 16. Rfc1 Qb7 17. Qd1 Rxc1 18. Rxc1 Rc8 19. Rxc8+ Qxc8 20. Qb3 h6 21. Kf1 Kf8 22. Ke2 Ke8 23. g4 Qc7 24. a4 Nc6 25. Qc3 Kd8 26. Ne1 Na7 27. Qb3 Ke8 28. Nc2 Qd8 29. Qc3 Qc8 30. Qxc8+ Nxc8 31. f4 Ke7 32. f5 f6 33. Bc3 fxe5 34. fxe6 Kxe6 35. Ke3 Nd6 36. h3 e4 37. Ne1 Nf6 38. Ng2 g5 39. Ne1 exd3 40. Nxd3 Nfe4 41. Be1 Nc4+ 42. Ke2 Kd6 43. Kd1 Kc6 44. Kc2 Kd6 45. Kd1 Ne3+ 46. Kc1 Ke6 47. Bd2 Nc4 48. Be1 Kf6 49. Kd1 h5 50. gxh5 Kg7 51. Ke2 Kh6 52. Kf3 Kxh5 53. Ke2 Kg6 54. Kf3 Kf5 55. Ke2 Ke6 56. Kd1 Ne3+ 57. Kc1 Nf5 58. Nf2 Nxd4 59. Nxe4 dxe4 60. Bf2 Nb3+ 61. Kb2 Nc5 62. Ka3 Kf5 63. Be3 g4 64. hxg4+ Kxg4 65. Bd2 Kf3 66. Bg5 e3 67. Bd8 e2 68. Bh4 Ke3 69. Be1 Nd3 70. Bc3 e1Q 0-1

[Event "IND-ch (Women) 42nd"]
[Site "Kolkata"]
[Date "2015.11.16"]
[Round "4"]
[White "Sachdev, Tania"]
[Black "Priyanka, Kumari"]
[Result "1-0"]
[WhiteElo "2385"]
[BlackElo "2011"]
[PlyCount "163"]
[EventDate "2015.11.13"]
[EventType "tourn"]
[EventRounds "11"]
[EventCountry "IND"]
[SourceTitle "CBM 169 Extra"]
[Source "ChessBase"]
[SourceDate "2015.12.18"]
[SourceVersion "1"]
[SourceVersionDate "2015.12.18"]
[SourceQuality "1"]

1. d4 Nf6 2. c4 g6 3. Nc3 Bg7 4. e4 d6 5. f3 0-0 6. Nge2 c5 7. d5 e6 8. Ng3 exd5 9. cxd5 h5 10. Bg5 Qb6 11. Qd2 Nh7 12. Bh4 Nd7 13. Be2 Re8 14. 0-0 Bf6 15. Bxf6 Nhxf6 16. Nh1 a6 17. Nf2 Qc7 18. a4 Rb8 19. b3 Qb6 20. Kh1 Ne5 21. h3 Qb4 22. f4 Ned7 23. Qc2 b5 24. axb5 axb5 25. Rfb1 Qd4 26. Bxb5 Qe3 27. Rf1 Qxf4 28. Ng4 Qg5 29. Nxf6+ Nxf6 30. Bxe8 Nxe8 31. Qf2 Qe7 32. Ra3 Kg7 33. Qb2 Qe5 34. Nd1 Qxb2 35. Nxb2 Nf6 36. Re1 Kf8 37. Nc4 Ke7 38. e5 dxe5 39. Rxe5+ Kf8 40. d6 Be6 41. Rxc5 Ne4 42. Rca5 Kg7 43. Rc5 Bxc4 44. bxc4 Nxd6 45. Re5 Rc8 46. c5 Nb7 47. Rd5 Nd8 48. Kg1 Ne6 49. Kf2 Kf6 50. c6 Rc7 51. h4 Ke7 52. Rd1 Nd8 53. Re3+ Ne6 54. Rc1 Kd6 55. Rd3+ Ke7 56. Kf3 Nd8 57. Re1+ Ne6 58. Rc3 Kd6 59. Rd1+ Ke7 60. Ke4 Nd8 61. Rd7+ Rxd7 62. cxd7 Ne6 63. Ke5 f6+ 64. Kd5 Kxd7 65. g3 Nc7+ 66. Ke4 Kd6 67. Rd3+ Ke6 68. Rd8 Ke7 69. Rb8 Ne8 70. Kd5 Kd7 71. Rb7+ Nc7+ 72. Kc5 Kc8 73. Kc6 Ne6 74. Rd7 Nd8+ 75. Kd6 Nb7+ 76. Ke7 Nc5 77. Rd4 Kc7 78. Rc4 Kc6 79. Kxf6 Kd5 80. Rxc5+ Kxc5 81. Kxg6 Kd5 82. Kxh5 1-0

[Event "IND-ch (Women) 42nd"]
[Site "Kolkata"]
[Date "2015.11.14"]
[Round "2"]
[White "Soumya, Swaminathan"]
[Black "Priyanka, Kumari"]
[Result "1-0"]
[WhiteElo "2341"]
[BlackElo "2011"]
[PlyCount "75"]
[EventDate "2015.11.13"]
[EventType "tourn"]
[EventRounds "11"]
[EventCountry "IND"]
[SourceTitle "CBM 169 Extra"]
[Source "ChessBase"]
[SourceDate "2015.12.18"]
[SourceVersion "1"]
[SourceVersionDate "2015.12.18"]
[SourceQuality "1"]

1. e4 c5 2. Nf3 d6 3. d4 cxd4 4. Nxd4 Nf6 5. Nc3 a6 6. Bg5 Nbd7 7. Qe2 Qc7 8. 0-0-0 e6 9. f4 Be7 10. g4 b5 11. a3 Bb7 12. Rg1 h6 13. Bxf6 Bxf6 14. Ndxb5 axb5 15. Nxb5 Qb6 16. Nxd6+ Ke7 17. e5 Qxg1 18. Nxb7 Qb6 19. exf6+ Nxf6 20. g5 hxg5 21. fxg5 Nd7 22. Nd6 Qc5 23. Nxf7 Rhb8 24. Bh3 Rxb2 25. Qxe6+ Kf8 26. Qd6+ Qxd6 27. Rxd6 Nc5 28. Kxb2 Kxf7 29. g6+ Kf8 30. Rc6 Rb8+ 31. Kc3 Ne4+ 32. Kd4 Nf6 33. Rc8+ Rxc8 34. Bxc8 Ke7 35. Ke5 Ne8 36. c4 Nd6 37. Be6 Nb7 38. a4 1-0

[Event "IND-ch (Women) 42nd"]
[Site "Kolkata"]
[Date "2015.11.13"]
[Round "1"]
[White "Priyanka, Kumari"]
[Black "Varshini, Veileven"]
[Result "0-1"]
[WhiteElo "2011"]
[BlackElo "2163"]
[PlyCount "60"]
[EventDate "2015.11.13"]
[EventType "tourn"]
[EventRounds "11"]
[EventCountry "IND"]
[SourceTitle "CBM 169 Extra"]
[Source "ChessBase"]
[SourceDate "2015.12.18"]
[SourceVersion "1"]
[SourceVersionDate "2015.12.18"]
[SourceQuality "1"]

1. e4 c5 2. Nf3 d6 3. d4 cxd4 4. Nxd4 Nf6 5. Nc3 a6 6. h3 e6 7. g4 b5 8. g5 Nfd7 9. Be3 Bb7 10. f3 Nc6 11. Qd2 Be7 12. h4 Rc8 13. 0-0-0 Na5 14. Kb1 Nb6 15. Qf2 Nac4 16. Bc1 b4 17. Nce2 Qc7 18. Ng3 d5 19. Nh5 0-0 20. e5 Nxe5 21. f4 Ned7 22. f5 Bc5 23. Qe2 Bxd4 24. Rxd4 e5 25. Rxb4 d4 26. Bg2 Nd5 27. Rb3 Nc5 28. Rg3 e4 29. g6 fxg6 30. fxg6 h6 0-1

[Event "IND-ch U19 Girls"]
[Site "Dindigul"]
[Date "2015.07.29"]
[Round "9"]
[White "Priyamvada, Karamcheti"]
[Black "Priyanka, Kumari"]
[Result "0-1"]
[WhiteElo "1741"]
[BlackElo "2035"]
[PlyCount "106"]
[EventDate "2015.07.23"]
[EventType "swiss"]
[EventRounds "11"]
[EventCountry "IND"]
[SourceTitle "EXT 2016"]
[Source "ChessBase"]
[SourceDate "2015.10.08"]
[SourceVersion "1"]
[SourceVersionDate "2015.10.08"]
[SourceQuality "1"]

1. d4 Nf6 2. c4 g6 3. f3 Bg7 4. e4 d6 5. Nc3 0-0 6. Be3 c5 7. Nge2 cxd4 8. Nxd4 Nc6 9. Be2 Nxd4 10. Bxd4 Be6 11. 0-0 Rc8 12. Nd5 Bxd5 13. cxd5 a6 14. a4 Nd7 15. Bxg7 Kxg7 16. Qd4+ Kg8 17. b4 Qc7 18. Rfb1 Qc3 19. Qxc3 Rxc3 20. a5 Rfc8 21. b5 axb5 22. Bxb5 Nc5 23. a6 bxa6 24. Bxa6 Ra8 25. Bb5 Rca3 26. Rxa3 Rxa3 27. Rb2 f5 28. Re2 fxe4 29. fxe4 Rb3 30. Bc6 Rb4 31. e5 Rb1+ 32. Kf2 Nd3+ 33. Ke3 Nxe5 34. Kd4 Rd1+ 35. Ke4 Kg7 36. g3 Rc1 37. Kd4 Rc4+ 38. Ke3 Nxc6 39. dxc6 Rxc6 40. Kd4 Kf6 41. Rf2+ Ke6 42. Re2+ Kd7 43. Rf2 e5+ 44. Kd5 Rc5+ 45. Ke4 Ke6 46. Rf8 d5+ 47. Kd3 e4+ 48. Kd4 Rc4+ 49. Ke3 Rc3+ 50. Kd2 Rf3 51. Rxf3 exf3 52. Ke3 Ke5 53. Kxf3 Kd4 0-1

[Event "Mumbai Mayors Cup 8th"]
[Site "Mumbai"]
[Date "2015.06.08"]
[Round "9"]
[White "Priyanka, Kumari"]
[Black "Visakh, Narayanan Rajeswari"]
[Result "0-1"]
[WhiteElo "1939"]
[BlackElo "2375"]
[PlyCount "130"]
[EventDate "2015.06.02"]
[EventType "swiss"]
[EventRounds "10"]
[EventCountry "IND"]
[SourceTitle "CBM 166 Extra"]
[Source "ChessBase"]
[SourceDate "2015.06.18"]
[SourceVersion "1"]
[SourceVersionDate "2015.06.18"]
[SourceQuality "1"]

1. e4 c5 2. Nf3 d6 3. d4 cxd4 4. Nxd4 Nf6 5. Nc3 a6 6. h3 e6 7. g4 Be7 8. Bg2 Nfd7 9. g5 0-0 10. h4 Nc6 11. Be3 Nde5 12. Qe2 Nxd4 13. Bxd4 Nc6 14. Be3 b5 15. f4 Na5 16. 0-0-0 Bb7 17. Kb1 Nc4 18. Bc1 Rc8 19. Qd3 Qb6 20. h5 a5 21. g6 b4 22. Ne2 Ba6 23. Qd4 Qb8 24. gxh7+ Kh8 25. b3 Bf6 26. Qf2 Na3+ 27. Bxa3 bxa3 28. Nd4 Qb4 29. Qd2 Rc5 30. Qxb4 axb4 31. Nf3 Rfc8 32. Rd2 Kxh7 33. Bf1 Bxf1 34. Rxf1 R8c6 35. e5 dxe5 36. fxe5 Be7 37. Nd4 Rc7 38. Rxf7 Rxe5 39. Rd1 Bd6 40. Rff1 Bc5 41. Nf3 Rxh5 42. Rfe1 Re7 43. Ne5 Bf2 44. Re4 Bc5 45. Nd3 Rd7 46. Rf1 Bd4 47. Nxb4 Bf6 48. Rxe6 Rd2 49. Ree1 Bc3 50. Re4 Rhh2 51. Rc1 g5 52. Rc4 Be5 53. Nc6 Bf6 54. b4 Rh4 55. Rc5 Rd6 56. Rf1 g4 57. Ne5 g3 58. Rc7+ Kh6 59. Nf7+ Kg6 60. Nxd6 g2 61. Rg1 Rh1 62. c4 Rxg1+ 63. Kc2 Ra1 64. Rc8 g1Q 65. Rg8+ Bg7 0-1

[Event "IND-ch U15 Girls"]
[Site "New Delhi"]
[Date "2010.09.04"]
[Round "1"]
[White "Priyanka, Kumari"]
[Black "Tanvi, Bhave"]
[Result "1-0"]
[WhiteElo "2018"]
[BlackElo "1516"]
[PlyCount "87"]
[EventDate "2010.09.04"]
[EventType "swiss"]
[EventRounds "11"]
[EventCountry "IND"]
[SourceTitle "CBM 138 Extra"]
[Source "ChessBase"]
[SourceDate "2010.10.29"]
[SourceVersion "1"]
[SourceVersionDate "2010.10.29"]
[SourceQuality "1"]

1. e4 c5 2. Nf3 d6 3. d4 cxd4 4. Nxd4 Nf6 5. Nc3 g6 6. Be3 Bg7 7. f3 Nc6 8. Qd2 0-0 9. g4 Nxd4 10. Bxd4 Be6 11. 0-0-0 Qa5 12. a3 a6 13. Qe3 Qc7 14. h4 b5 15. h5 Rfc8 16. hxg6 fxg6 17. Bd3 Rf8 18. Rh4 Rf7 19. Rdh1 Bh8 20. Qg5 Kf8 21. e5 dxe5 22. Bxe5 Qc5 23. Bxf6 Qxg5+ 24. Bxg5 Be5 25. Rxh7 Rxh7 26. Rxh7 Bf7 27. f4 Bd4 28. f5 gxf5 29. Bxf5 Rb8 30. Ne2 Bg7 31. Bh6 Bxh6+ 32. Rxh6 Kg7 33. g5 a5 34. Rh7+ Kg8 35. g6 Bc4 36. g7 Rb6 37. Nf4 Bf7 38. Be4 b4 39. Nh5 Bxh5 40. Rxh5 a4 41. Rg5 Rb8 42. Bd5+ Kh7 43. g8Q+ Rxg8 44. Rxg8 1-0